The state and the preservice preparation of teachers of vocational education (federally aided programs) (Record no. 21860)
[ view plain ]
| 000 -LEADER | |
|---|---|
| fixed length control field | 01251cam a22002531 4500 |
| 001 - CONTROL NUMBER | |
| control field | e 42000135 |
| 003 - CONTROL NUMBER IDENTIFIER | |
| control field | DLC |
| 005 - DATE AND TIME OF LATEST TRANSACTION | |
| control field | 20260227111230.0 |
| 008 - FIXED-LENGTH DATA ELEMENTS--GENERAL INFORMATION | |
| fixed length control field | 800229s1941 dcuaf f000 0 eng c |
| 010 ## - LIBRARY OF CONGRESS CONTROL NUMBER | |
| LC control number | e 42000135 |
| 035 ## - SYSTEM CONTROL NUMBER | |
| System control number | (OCoLC)6034397 |
| 040 ## - CATALOGING SOURCE | |
| Original cataloging agency | U.S. Off. of educ. Library |
| Transcribing agency | OCl |
| Modifying agency | DLC |
| 042 ## - AUTHENTICATION CODE | |
| Authentication code | premarc |
| 050 00 - LIBRARY OF CONGRESS CALL NUMBER | |
| Classification number | LC1045 |
| Item number | .A25 no. 219 |
| 082 ## - DEWEY DECIMAL CLASSIFICATION NUMBER | |
| Classification number | 370.73 |
| 100 1# - MAIN ENTRY--PERSONAL NAME | |
| Personal name | Swanson, Herbert Barthold, |
| Dates associated with a name | 1892- |
| 245 14 - TITLE STATEMENT | |
| Title | The state and the preservice preparation of teachers of vocational education (federally aided programs) |
| Statement of responsibility, etc. | Prepared by Herbert B. Swanson, senior specialist in agricultural education (teacher training) Federal security agency, Paul V. McNutt, administrator. U.S. Office of education, John W. Studebaker, commissioner. |
| 260 ## - PUBLICATION, DISTRIBUTION, ETC. | |
| Place of publication, distribution, etc. | [Washington, |
| Name of publisher, distributor, etc. | U.S. Govt. print. off., |
| Date of publication, distribution, etc. | 1941] |
| 300 ## - PHYSICAL DESCRIPTION | |
| Extent | x, 138 p. incl. tables, diagr. |
| Other physical details | pl. |
| Dimensions | 23 cm. |
| 490 0# - SERIES STATEMENT | |
| Series statement | United States. Office of education. Vocational division bulletin |
| Volume/sequential designation | no. 219. General series no. 6 |
| 501 ## - WITH NOTE | |
| With note | With : Selling home furnishings / Roscoe R. Rau and Walter F. Shaw. Washington : Govt. Print. Off., 1941. Bound together subsequent to publication. |
| Institution to which field applies | DLC |
| 650 #0 - SUBJECT ADDED ENTRY--TOPICAL TERM | |
| Topical term or geographic name entry element | Teachers |
| General subdivision | Training of. |
| 650 #0 - SUBJECT ADDED ENTRY--TOPICAL TERM | |
| Topical term or geographic name entry element | Vocational education |
| Geographic subdivision | United States. |
No items available.